| 000 | 00418 a2200121 4500 | ||
|---|---|---|---|
| 001 | ART_42205 | ||
| 005 | 20260410161806.0 | ||
| 008 | 260409a | ||
| 245 | 1 | 0 | _aEl factor de atribución en la acción concursal de responsabilidad de los administradores |
| 100 | 1 | _aJunyent Bas, Francisco | |
| 700 | 1 | _aFerrero, Facundo | |
| 773 | 0 |
_tDoctrina Societaria y Concursal _g- Nº 295 (jun. 2012) _wREV4298 |
|
| 999 |
_c21049 _d21049 |
||